ბათუმის შოთა რუსთაველის სახელმწიფო უნივერსიტეტის ბიბლიოთეკა

New English File - New Edition / Student's Book: Pre-Intermediate (ბიბ.ჩანაწერი № 51262)

000 -LEADER
fixed length control field 00655nam a2200229Ia 4500
001 - CONTROL NUMBER
control field 18224
003 - CONTROL NUMBER IDENTIFIER
control field GE_BSU
008 - FIXED-LENGTH DATA ELEMENTS--GENERAL INFORMATION
fixed length control field 181216s||||||||xx |||||||||||||| ||und||
020 ## - INTERNATIONAL STANDARD BOOK NUMBER
International Standard Book Number 978-0194384339
040 ## - CATALOGING SOURCE
Transcribing agency GE_BSU
080 ## - UNIVERSAL DECIMAL CLASSIFICATION NUMBER
Universal Decimal Classification number 811.111
100 ## - MAIN ENTRY--PERSONAL NAME
Personal name Oxenden Clive, Christina Latham-Koenig, Paul Seligson
245 ## - TITLE STATEMENT
Title New English File - New Edition / Student's Book: Pre-Intermediate
260 ## - PUBLICATION, DISTRIBUTION, ETC.
Place of publication, distribution, etc. OXFORD
260 ## - PUBLICATION, DISTRIBUTION, ETC.
Name of publisher, distributor, etc. Oxford University Press
260 ## - PUBLICATION, DISTRIBUTION, ETC.
Date of publication, distribution, etc. 2005
300 ## - PHYSICAL DESCRIPTION
Extent 159p,ill,col,28cm.
653 ## - INDEX TERM--UNCONTROLLED
Uncontrolled term New English File - New Edition
653 ## - INDEX TERM--UNCONTROLLED
Uncontrolled term ინგლისური გრამატიკა
942 ## - ADDED ENTRY ELEMENTS (KOHA)
Koha item type წიგნი
ეგზემპლარები
Withdrawn status Lost status Damaged status Not for loan Date acquired Barcode Date last seen Price effective from Koha item type
        2018-12-17 46428 2018-12-17 2018-12-17 წიგნი